Housing and social justice: the role of policy in British housing (Record no. 415150)

000 -LEADER
fixed length control field 00419cam a22001337a 4500
008 - FIXED-LENGTH DATA ELEMENTS--GENERAL INFORMATION
fixed length control field 180718b1981 xxu||||| |||| 00| 0 eng d
082 ## - DEWEY DECIMAL CLASSIFICATION NUMBER
Classification number XAx42 B917
100 ## - MAIN ENTRY--PERSONAL NAME
Personal name Burke, Gill
245 ## - TITLE STATEMENT
Title Housing and social justice: the role of policy in British housing
Statement of responsibility, etc. by Gill Burke
260 ## - PUBLICATION, DISTRIBUTION, ETC.
Place of publication, distribution, etc. London
Name of publisher, distributor, etc. Longman
Date of publication, distribution, etc. 1981
300 ## - PHYSICAL DESCRIPTION
Extent x, 227p
440 ## - SERIES STATEMENT/ADDED ENTRY--TITLE
Title Social policy in modern Britain
650 ## - SUBJECT ADDED ENTRY--TOPICAL TERM
Topical term or geographic name entry element Housing policy --Great Britain.
Holdings
Withdrawn status Lost status Damaged status Not for loan Permanent Location Current Location Date acquired Full call number Barcode Date last seen Price effective from Koha item type
        Indian Institute of Public Administration Indian Institute of Public Administration 2009-03-03 XAx42 B917 DA5435 2018-07-21 2018-07-21 DA

Powered by Koha